000 00844cam a2200277 a 4500
001 32361
003 BD-RjUL
005 20211209051825.0
008 140426s1978 bg b 000 0 eng d
035 _a (BD-RjUL)32450
040 _aDLC
_cDLC
_dDLC
_dBD-RjUL
_beng
041 1 _aeng
_hara
082 0 0 _a297.29
_221
_bQUI
100 1 _aQuṭb, Muḥammad.
_998458
245 1 0 _aIslam :
_cby Muhammad Qutb.
_bthe misunderstood religion /
246 3 1 _aShubuhāt ḥawla al-Islām
260 _aDhaka :
_bAdhunik Prokashani,
_c1978.
300 _a244 p. ;
_c22 cm.
504 _aIncludes bibliographical references.
650 0 _aIslam
_xEssence, genius, nature.
_950298
650 0 _aIslam
_vApologetic works.
_998459
942 _2ddc
_cBK
999 _c32361
_d32361